• 首页
  • 本馆介绍
  • 公告通知
  • 最新文献
  • 馆藏检索
  • 电子资源
  • 读者导购
  • 参考咨询
  • 我的图书馆
  • 登录
  • 详细信息显示
  • 放入我的书架
  • 预约/预借图书
  • 作者相关作品
  • 分类相关作品
  • 丛书相关作品
  • 出版社相关作品

书目信息

  • 表格格式
  • 工作单格式
  • 卡片格式
题名:
电视剧叙事情节
    
 
作者: 李胜利 著
分册:  
出版信息: 北京   中国广播电视出版社  2006
页数: 292页
开本: 21cm
丛书名: 影视艺术理论与创作丛书
单 册:
中图分类: J904
科图分类:
主题词: 电视剧 , 叙述 , 电视剧--叙述--研究
电子资源:
ISBN: 7-5043-5010-9
000 01073oam2 2200289 450
001 003237350
005 20070805093749.82
010    @a7-5043-5010-9@dCNY18.00
100    @a20060124d2006 em y0chiy0110 ea
101 0  @achi
102    @aCN@b110000
105    @ay z 000yy
200 1  @a电视剧叙事情节@9dian shi ju xu shi qing jie@f李胜利著
210    @a北京@c中国广播电视出版社@d2006
215    @a292页@d21cm
225 2  @a影视艺术理论与创作丛书
312    @a封面英文题名:Plot of television drama
330    @a本书从情节角度入手,对电视剧尤其是当前中国的电视剧进行研究。对流行的各种情节观念进行了辨析,对人物重于情节等相关论断提出了质疑,对电视剧的情节构成问题、电视剧的情节强度与收视率之间的关系问题作了进一步的探讨,并梳理了近年来中国电视剧在情节设置方面常犯的错误。
461  0 @12001 @a影视艺术理论与创作丛书
510 1  @aPlot of television drama@zeng
606 0  @a电视剧
606 0  @a叙述
606 0  @a电视剧@x叙述@x研究
690    @aJ904@v4
701  0 @a李胜利@9li sheng li@f(1969~)@4著
801  0 @aCN@bNLC@c20070805
905    @a10447@dJ904@e219
    
    电视剧叙事情节/李胜利著.-北京:中国广播电视出版社,2006
    292页;21cm.-(影视艺术理论与创作丛书)
    
    
    ISBN 7-5043-5010-9:CNY18.00
    本书从情节角度入手,对电视剧尤其是当前中国的电视剧进行研究。对流行的各种情节观念进行了辨析,对人物重于情节等相关论断提出了质疑,对电视剧的情节构成问题、电视剧的情节强度与收视率之间的关系问题作了进一步的探讨,并梳理了近年来中国电视剧在情节设置方面常犯的错误。
●
相关链接 在E读中查询图书 在五车中查询图书 在当当中查询图书 在豆瓣中查询图书


正题名:电视剧叙事情节     索取号:J904/219         预约/预借

序号 登录号 条形码 馆藏地/架位号 状态 备注
1 0807943   208079434   第一样本阅览室/ [索取号:J904/219] 在馆    
2 0807944   208079443   第一借阅区/ [索取号:J904/219] 在馆    
3 0807945   208079452   第一借阅区/ [索取号:J904/219] 在馆    
4 0807946   208079461   第一借阅区/ [索取号:J904/219] 在馆    
5 0807947   208079470   第一借阅区/ [索取号:J904/219] 在馆    
6 0807948   208079489   第一借阅区/ [索取号:J904/219] 在馆    
7 0807949   208079498   第一借阅区/ [索取号:J904/219] 在馆    
8 0807950   208079504   第一借阅区/ [索取号:J904/219] 在馆    
9 0807951   208079513   第一借阅区/ [索取号:J904/219] 在馆    
10 0807952   208079522   第一借阅区/ [索取号:J904/219] 在馆    
唐山师范学院图书馆 欢迎您!
大连网信软件有限公司© 版权所有